000 00681nam a2200241 i 4500
001 bg
245 0 0 _aNagrody Nobla /
_cpod red. Beaty Tarnowskiej.
260 _aWarszawa :
_bWydaw. Naukowe PWN,
_c2001.
300 _a281, [3] s. ;
_c21 cm.
490 1 _aPWN - Leksykon
650 9 _aNagrody Nobla
655 _aEncyklopedie
700 1 _aTARNOWSKA, Beata.
_eRed.
830 _aPWN - Leksykon
020 _a8301133937
040 _cBPK
041 0 _apl
080 _a06.068(03)A/Z
920 _a83-01-13393-7
942 _cKS
008 s pl f |000 0 pol
999 _c41123
_d41123
856 _uhttp://koha.tu.koszalin.pl/cgi-bin/koha/opac-detail.pl?biblionumber=41123
_yKatalog online BPK